000
00313nam a22001337a 4500
020
_a
9848659545965
082
_a
894.812.1
_b
VEN/K
100
_a
VENNIYUR, RASHEED
245
_a
KATHA PARAYUNNA THOOLIKA
260
_a
VENNIYUR
_b
MANDHARAM
_c
2023
300
_a
140
650
_a
MALAYALAM POETRY
_z
KERALA
942
_c
BK
999
_c
7999
_d
7999